Statistics for FC Barcelona Squad 2018/2019

Click here to take the quiz!

General Stats

  • This quiz has been taken 80 times
  • The average score is 14 of 23

Answer Stats

T-shirt numberAnswer% Correct
10Leo Messi
99%
1Marc-André ter Stegen
99%
3Gerard Piqué
96%
9Luis Suárez
93%
11Ousmane Dembélé
81%
5Sergio Busquets
80%
4Ivan Rakitić
77%
18Jordi Alba
77%
7Philippe Coutinho
74%
23Samuel Umtiti
72%
20Sergi Roberto
70%
2Nelson Semedo
66%
CoachErnesto Valverde
59%
15Clément Lenglet
58%
8Arthur
57%
13Jasper Cillessen
51%
12Rafinha
42%
21Carles Aleña
41%
14Malcom
36%
6Jean-Clair Todibo
34%
24Thomas Vermaelen
26%
19Kevin-Prince Boateng
23%
17Jeison Murillo
19%

Score Distribution

Percentile by Number Answered

Percent of People with Each Score

Your Score History

You have not taken this quiz